000 00427nam a2200157Ia 4500
008 230312s9999||||xx |||||||||||||| ||und||
020 _a0-07-24934-1
082 _a658.45
_bLES-B
100 _aLesikar Raymond, V.
245 0 _aBasic Business Communication
260 _bMcGraw Hill
_aNew York
_c2002
300 _a592
546 _aEng.
650 _aAccounting
_vIntroduction , Fundamentals Of Business Writing ,
942 _cBK
999 _c420
_d420